000 00339nam a2200121Ia 4500
005 20260326100027.0
008 260326s9999||||xx |||||||||||||| ||und||
100 _aAlva Martínez, Ernesto
245 0 _aArquitectura Mexicana e Interiorismo /
_cErnesto Alva Martínez
260 _bLitoprocess
650 _aARQUITECTURA REGIONAL
942 _cBK
999 _c6427
_d6427